Precios de transferencia

Detalles Bibliográficos
Autor principal: Garca̕ Nares, Azucena
Formato: eBook
Lenguaje:español
Publicado: Ciudad de Mx̌ico: Instituto Mexicano de Contadores Pb︢licos, 2019
Materias:
Acceso en línea:Acceso restringido

MARC

LEADER 00000nam a22000007a 4500
005 2019080607477.0
007 cr|||| ||||
008 190806s2019 mx |||||s|||| 00||0 spa d
020 |a 978-607-8628-27-8 
035 |a 23919 
040 |a vLex 
090 |c 9115  |d 9115 
100 1 |a Garca̕ Nares, Azucena 
245 1 0 |a Precios de transferencia  |h [Recurso electrn̤ico] /  |c Azucena Garca̕ Nares 
256 |a Servicio en ln̕ea 
260 |a Ciudad de Mx̌ico:  |b Instituto Mexicano de Contadores Pb︢licos,  |c 2019 
300 |a 1 recurso electrn̤ico 
506 1 |a Disponible solo en los productos indicados  |d vLex Global  |d vLex Global (Academic Edition, excluding Law Schools)  |d vLex Global (U.S. Academic Edition, Law Schools)  |d vLex Global (U.S. Academic Edition, excluding Law Schools)  |d vLex Global (Academic Edition, Law Schools) 
650 0 4 |a Derecho Fiscal  |z Mx̌ico 
740 0 |a vLex Libros (Servicio en ln̕ea) 
856 4 0 |u http://vlex.com/source/precios-de-transferencia-23919  |z Acceso restringido 
942 |c BOOK 
999 0 |a Tax Law